[Event "17th Delhi GM Open 2019"]
[Site "Delhi"]
[Date "2019.01.12"]
[Round "6"]
[White "Siva Mahadevan"]
[Black "Rahman, Ziaur"]
[Result "0-1"]
[WhiteElo "2333"]
[BlackElo "2470"]
[Annotator "ChessBase"]
[PlyCount "118"]
[EventDate "2019.01.09"]
[EventType "swiss"]
[EventCountry "IND"]
[SourceTitle "playchess.com"]
[Source "ChessBase"]
[SourceQuality "1"]
[TimeControl "5400+30"]

1. e4 {[%emt 0:02:14]} g6 {[%emt 0:00:57]} 2. d4 {[%emt 0:00:24]} Bg7 {[%emt 0:00:06]} 3. Nc3 {[%emt 0:00:10]} d6 {[%emt 0:00:58]} 4. Bg5 {[%emt 0:00:28]} h6 {[%emt 0:01:58]} 5. Bh4 {[%emt 0:00:12]} Nc6 {[%emt 0:02:03]} 6. Nge2 {[%emt 0:04:21]} Nf6 {[%emt 0:02:47]} 7. Qd2 {[%emt 0:00:29]} O-O {[%emt 0:04:30]} 8. d5 {[%emt 0:07:04]} Ne5 {[%emt 0:02:38]} 9. Nd4 {[%emt 0:07:52]} c5 {[%emt 0:04:39]} 10. Nb3 {[%emt 0:05:15]} a6 {[%emt 0:13:10]} 11. a4 {[%emt 0:00:41]} g5 {[%emt 0:03:35]} 12. Bg3 {[%emt 0:00:32]} Nh5 {[%emt 0:00:57]} 13. Be2 {[%emt 0:00:31]} Nxg3 {[%emt 0:00:04]} 14. hxg3 {[%emt 0:00:44]} f5 {[%emt 0:01:10]} 15. f4 {[%emt 0:00:59]} Nf7 {[%emt 0:01:59]} 16. exf5 {[%emt 0:10:24]} Bxf5 {[%emt 0:00:42]} 17. O-O {[%emt 0:00:07]} Qd7 {[%emt 0:05:18]} 18. Bd3 {[%emt 0:01:15]} e5 {[%emt 0:07:29]} 19. dxe6 {[%emt 0:20:57]} Bxe6 {[%emt 0:01:54]} 20. Rae1 {[%emt 0:00:45]} Rae8 {[%emt 0:06:59]} 21. Bg6 {[%emt 0:02:23]} Bxb3 {[%emt 0:07:18]} 22. cxb3 {[%emt 0:00:21]} Rxe1 {[%emt 0:02:41]} 23. Rxe1 {[%emt 0:05:27]} gxf4 {[%emt 0:01:28]} 24. gxf4 {[%emt 0:01:14]} Bd4+ {[%emt 0:01:35]} 25. Kh2 {[%emt 0:01:44]} Qg4 {[%emt 0:01:59]} 26. Bxf7+ {[%emt 0:00:41]} Rxf7 {[%emt 0:05:05]} 27. g3 {[%emt 0:00:05]} Rg7 {[%emt 0:02:27]} 28. Qd3 {[%emt 0:03:09]} Kf8 {[%emt 0:03:12]} 29. Kg2 {[%emt 0:14:06]} h5 {[%emt 0:01:14]} 30. Qf3 {[%emt 0:02:23]} h4 {[%emt 0:01:15]} 31. Qxg4 {[%emt 0:00:07]} Rxg4 {[%emt 0:00:04]} 32. Ne2 {[%emt 0:05:11]} Bxb2 {[%emt 0:01:58]} 33. Kf3 {[%emt 0:00:19]} Rg7 {[%emt 0:00:10]} 34. gxh4 {[%emt 0:00:12]} d5 {[%emt 0:00:29]} 35. Rd1 {[%emt 0:02:58]} Rd7 {[%emt 0:00:25]} 36. f5 {[%emt 0:00:18]} Be5 {[%emt 0:02:13]} 37. Nf4 {[%emt 0:01:37]} Bxf4 {[%emt 0:01:59]} 38. Kxf4 {[%emt 0:00:02]} a5 {[%emt 0:01:37]} 39. Ke5 {[%emt 0:00:54]} d4 {[%emt 0:00:04]} 40. f6 {[%emt 0:00:29]} b6 {[%emt 0:02:39]} 41. h5 {[%emt 0:00:51]} Rh7 {[%emt 0:01:11]} 42. Ke6 {[%emt 0:00:33]} Rxh5 {[%emt 0:00:35]} 43. Rd3 {[%emt 0:00:11]} Rh1 {[%emt 0:00:32]} 44. Rf3 {[%emt 0:00:50]} Re1+ {[%emt 0:00:12]} 45. Kf5 {[%emt 0:00:17]} Re3 {[%emt 0:00:16]} 46. Rf1 {[%emt 0:00:08]} Kf7 {[%emt 0:01:45]} 47. Rh1 {[%emt 0:00:22]} Rf3+ {[%emt 0:00:06]} 48. Ke5 {[%emt 0:00:33]} Rxf6 {[%emt 0:00:50]} 49. Rh7+ {[%emt 0:00:03]} Kg6 {[%emt 0:00:09]} 50. Rb7 {[%emt 0:00:05]} Kg5 {[%emt 0:00:22]} 51. Rb8 {[%emt 0:01:14]} Rf5+ {[%emt 0:00:21]} 52. Ke4 {[%emt 0:00:10]} Rf4+ {[%emt 0:00:35]} 53. Ke5 {[%emt 0:00:05]} Kg4 {[%emt 0:01:03]} 54. Rxb6 {[%emt 0:00:30]} d3 {[%emt 0:00:07]} 55. Rg6+ {[%emt 0:00:54]} Kf3 {[%emt 0:00:06]} 56. Rd6 {[%emt 0:00:54]} Re4+ {[%emt 0:00:25]} 57. Kd5 {[%emt 0:00:33]} Rd4+ {[%emt 0:00:05]} 58. Kxc5 {[%emt 0:00:02]} Rxd6 {[%emt 0:00:04]} 59. Kxd6 {[%emt 0:00:02]} d2 {[%emt 0:00:06]} 0-1

[Event "17th Delhi GM Open 2019"]
[Site "Delhi"]
[Date "2019.01.12"]
[Round "6"]
[White "Neelash Saha"]
[Black "Deviatkin, Andrei"]
[Result "1/2-1/2"]
[WhiteElo "2300"]
[BlackElo "2461"]
[Annotator "ChessBase"]
[PlyCount "131"]
[EventDate "2019.01.09"]
[EventType "swiss"]
[EventCountry "IND"]
[SourceTitle "playchess.com"]
[Source "ChessBase"]
[SourceQuality "1"]
[TimeControl "5400+30"]

1. d4 {[%emt 0:00:00]} c6 {[%emt 0:06:00]} 2. c4 {[%emt 0:00:48]} d5 {[%emt 0:00:05]} 3. Nf3 {[%emt 0:00:04]} Nf6 {[%emt 0:00:41]} 4. e3 {[%emt 0:00:06]} Bf5 {[%emt 0:00:41]} 5. Nc3 {[%emt 0:00:06]} e6 {[%emt 0:00:08]} 6. Nh4 {[%emt 0:01:18]} Bg6 {[%emt 0:01:26]} 7. Nxg6 {[%emt 0:01:45]} hxg6 {[%emt 0:00:05]} 8. Qb3 {[%emt 0:00:06]} Qc7 {[%emt 0:13:48]} 9. h3 {[%emt 0:02:57]} Nbd7 {[%emt 0:00:45]} 10. Bd2 {[%emt 0:00:08]} Nb6 {[%emt 0:10:19]} 11. Rc1 {[%emt 0:01:25]} Be7 {[%emt 0:01:11]} 12. cxd5 {[%emt 0:01:46]} exd5 {[%emt 0:05:03]} 13. Bd3 {[%emt 0:00:06]} O-O {[%emt 0:00:34]} 14. O-O {[%emt 0:01:00]} a5 {[%emt 0:10:11]} 15. a3 {[%emt 0:02:05]} a4 {[%emt 0:00:51]} 16. Qd1 {[%emt 0:00:50]} Rfe8 {[%emt 0:01:08]} 17. Rb1 {[%emt 0:00:17]} Qd6 {[%emt 0:02:16]} 18. Bc2 {[%emt 0:00:42]} Bd8 {[%emt 0:02:38]} 19. Nxa4 {[%emt 0:16:23]} Bc7 {[%emt 0:01:18]} 20. f4 {[%emt 0:01:17]} Nc4 {[%emt 0:08:00]} 21. Re1 {[%emt 0:00:57]} b6 {[%emt 0:03:33]} 22. Bb4 {[%emt 0:04:28]} Qd7 {[%emt 0:05:40]} 23. Qf3 {[%emt 0:01:48]} Ne4 {[%emt 0:00:39]} 24. Re2 {[%emt 0:04:36]} Re6 {[%emt 0:04:42]} 25. b3 {[%emt 0:06:02]} Ncd6 {[%emt 0:00:49]} 26. Bxd6 {[%emt 0:00:42]} Qxd6 {[%emt 0:02:10]} 27. Bxe4 {[%emt 0:01:31]} dxe4 {[%emt 0:02:37]} 28. Qg3 {[%emt 0:00:48]} Qxa3 {[%emt 0:00:26]} 29. Rc2 {[%emt 0:00:06]} Qe7 {[%emt 0:07:23]} 30. Rbc1 {[%emt 0:00:41]} Qd7 {[%emt 0:00:14]} 31. Qg4 {[%emt 0:10:03]} f5 {[%emt 0:01:49]} 32. Qg3 {[%emt 0:01:09]} Bd8 {[%emt 0:01:46]} 33. h4 {[%emt 0:00:47]} Rd6 {[%emt 0:00:16]} 34. Qe1 {[%emt 0:00:12]} Kh7 {[%emt 0:01:01]} 35. g3 {[%emt 0:00:14]} Ra5 {[%emt 0:00:49]} 36. Kg2 {[%emt 0:07:49]} Qe6 {[%emt 0:00:19]} 37. Rc3 {[%emt 0:03:53]} Rb5 {[%emt 0:00:26]} 38. Rb1 {[%emt 0:00:15]} Bf6 {[%emt 0:01:48]} 39. Qe2 {[%emt 0:01:24]} Bd8 {[%emt 0:01:57]} 40. b4 {[%emt 0:01:56]} Qd7 {[%emt 0:01:30]} 41. Rcc1 {[%emt 0:00:50]} c5 {[%emt 0:01:56]} 42. bxc5 {[%emt 0:00:08]} Rxb1 {[%emt 0:00:03]} 43. Rxb1 {[%emt 0:00:05]} bxc5 {[%emt 0:00:02]} 44. Nxc5 {[%emt 0:00:08]} Qc8 {[%emt 0:01:06]} 45. Rc1 {[%emt 0:15:51]} Rc6 {[%emt 0:01:08]} 46. Qb2 {[%emt 0:02:53]} Be7 {[%emt 0:00:13]} 47. Nb3 {[%emt 0:00:43]} Rxc1 {[%emt 0:00:31]} 48. Qxc1 {[%emt 0:00:20]} Qa6 {[%emt 0:00:19]} 49. Qc2 {[%emt 0:00:21]} Qa4 {[%emt 0:00:43]} 50. Kf2 {[%emt 0:02:46]} Bd8 {[%emt 0:00:26]} 51. Qc3 {[%emt 0:05:23]} Qa2+ {[%emt 0:00:12]} 52. Kg1 {[%emt 0:00:35]} Qe2 {[%emt 0:00:46]} 53. Qd2 {[%emt 0:00:38]} Qg4 {[%emt 0:00:47]} 54. Kh2 {[%emt 0:00:11]} Bxh4 {[%emt 0:00:25]} 55. Qg2 {[%emt 0:02:30]} Qd1 {[%emt 0:01:09]} 56. Nd2 {[%emt 0:00:43]} Be7 {[%emt 0:00:18]} 57. g4 {[%emt 0:00:42]} Kg8 {[%emt 0:00:48]} 58. g5 {[%emt 0:00:53]} Qh5+ {[%emt 0:00:15]} 59. Kg1 {[%emt 0:00:05]} Qd1+ {[%emt 0:00:10]} 60. Nf1 {[%emt 0:00:03]} Bb4 {[%emt 0:00:31]} 61. Qa2+ {[%emt 0:01:20]} Kh7 {[%emt 0:00:08]} 62. Qf2 {[%emt 0:00:44]} Be1 {[%emt 0:01:03]} 63. Qh2+ {[%emt 0:00:03]} Kg8 {[%emt 0:00:04]} 64. Qa2+ {[%emt 0:00:12]} Kh7 {[%emt 0:00:08]} 65. Qg2 {[%emt 0:00:05]} Kg8 {[%emt 0:00:23]} 66. Qa2+ {[%emt 0:01:01]} 1/2-1/2

[Event "17th Delhi GM Open 2019"]
[Site "Delhi"]
[Date "2019.01.12"]
[Round "6"]
[White "Gajwa Ankit"]
[Black "Vignesh N R"]
[Result "0-1"]
[WhiteElo "2263"]
[BlackElo "2461"]
[Annotator "TA"]
[PlyCount "106"]
[EventDate "2019.01.09"]
[EventType "swiss"]
[EventCountry "IND"]
[SourceTitle "playchess.com"]
[Source "ChessBase"]
[SourceQuality "1"]

{[%evp 21,106,15,18,0,19,0,0,0,18,0,13,-28,403,0,18,-27,25,1,6,-3,-6,-14,0,0,0,0,5,-14,-13,-12,-11,-53,-51,-54,-63,-120,-114,-135,-136,-146,-130,-140,-134,-133,-127,-316,-318,-287,-136,-142,-135,-210,-216,-478,-300,-439,-440,-443,-417,-717,-717,-691,-691,-691,-645,-690,-64,-685,-16,-76,0,-675,-621,-29996,-851,-1031,-1028,-984,-898,-802,-658,-2658,-2616,-29968,-29972,-29966,-29970]} 1. e4 e5 2. Nf3 Nc6 3. Bb5 Nf6 4. d3 d6 5. c3 Bd7 6. Nbd2 g6 7. O-O Bg7 8. Re1 O-O 9. Ba4 {C66: Ruy Lopez: Steinitz Defence} Re8 (9... Nh5 10. Nf1 Kh8 11. h3 f5 12. exf5 gxf5 13. d4 e4 14. Ng5 Nf6 15. d5 Ne5 16. Bxd7 Qxd7 {1-0 (42) Caruana,F (2804)-Kramnik,V (2812) Paris 2016}) 10. Nf1 h6 11. Ng3 d5 {LiveBook: 7 Games} 12. exd5 $146 ({Predecessor:} 12. h3 b6 13. Bb3 Be6 14. Ba4 Bd7 15. Bb3 dxe4 16. dxe4 Qe7 {0-1 (40) Motylev,A (2676)-Inarkiev,E (2695) Nizhnij Novgorod 2013}) 12... Nxd5 13. Bb3 Be6 14. Ba4 Bd7 15. Bb3 Be6 16. Ne4 Bd7 $2 {[%mdl 8192]} (16... Qe7 $11) 17. Ng3 $2 (17. Bxd5 $18 Rb8 18. b4) 17... Be6 $11 18. Ne4 Bf8 (18... Qe7 $142) 19. d4 exd4 20. Nxd4 Nxd4 21. Qxd4 Bg7 22. Qd1 Nb6 {Hoping for ...Qxd1.} 23. Bf4 {next Qxd8 is good for White.} Bxb3 24. Qxb3 Qd5 $36 {[%mdl 2048] Black has good play.} 25. f3 Qc6 26. Rad1 a5 {[%cal Ba7a5,Ba5a4,Ba4a3][%mdl 32]} 27. Qc2 a4 28. Qf2 (28. a3 $15) 28... a3 $17 29. b3 f5 $1 {[%cal Rf5e4]} 30. Nc5 Nd5 ({Resist} 30... Bxc3 31. Rxe8+ Rxe8 32. Bxh6 $17) 31. Bd2 Nxc3 32. Bxc3 Bxc3 33. Rf1 $2 (33. Rxe8+ $17 Rxe8 34. Kh1) 33... Rad8 $19 34. Kh1 Rxd1 (34... Qb5 $19 35. Na4 Bg7 36. Rxd8 Rxd8) 35. Rxd1 $17 Bg7 36. h4 (36. Kg1 $17) 36... b6 $19 37. Nd7 $2 (37. Nd3 {was the only chance.}) 37... Qe6 38. Qg3 (38. f4 $142) 38... Qe7 39. h5 gxh5 40. Qxc7 (40. f4 $142 Rd8 41. Qd3 Qh4+ 42. Kg1 Qxf4 43. Qd2) 40... Qh4+ 41. Qh2 Re1+ 42. Rxe1 Qxe1+ 43. Qg1 Qh4+ 44. Qh2 {[#]} Qd4 $2 (44... Qe7 $1 $19 45. Nxb6 Qe1+ 46. Qg1 Qxg1+ 47. Kxg1 Bd4+ {[%mdl 64] Double Attack} 48. Kh2 Bxb6) 45. Qc7 $11 Qh4+ $2 {[%mdl 8192]} (45... Qa1+ $17 46. Kh2 Qxa2) 46. Qh2 $19 {[#]} Qe7 $1 47. Qc7 Kh7 (47... Qe1+ $142 48. Kh2 Qh4+ 49. Kg1 Bd4+ 50. Kf1 Qf2#) 48. g3 Qe1+ 49. Kh2 Qf2+ 50. Kh3 Qxf3 {[%cal Rf3h1]} 51. Nf8+ Kg8 {[%cal Rf3h1]} 52. Qc4+ Kxf8 {[%cal Rf3h1]} 53. Qc8+ Kf7 {Accuracy: White = 30%, Black = 61%.} 0-1

[Event "17th Delhi GM Open 2019"]
[Site "Delhi"]
[Date "2019.01.12"]
[Round "6"]
[White "Swati Ghate"]
[Black "Karthikeyan, P.."]
[Result "0-1"]
[WhiteElo "2216"]
[BlackElo "2457"]
[Annotator "ChessBase"]
[PlyCount "92"]
[EventDate "2019.01.09"]
[EventType "swiss"]
[EventCountry "IND"]
[SourceTitle "playchess.com"]
[Source "ChessBase"]
[SourceQuality "1"]
[TimeControl "5400+30"]

1. e4 {[%emt 0:00:00]} e5 {[%emt 0:18:03]} 2. Nf3 {[%emt 0:00:00]} Nc6 {[%emt 0:00:06]} 3. Bb5 {[%emt 0:00:09]} g6 {[%emt 0:00:06]} 4. c3 {[%emt 0:00:33]} a6 {[%emt 0:00:26]} 5. Ba4 {[%emt 0:00:12]} Bg7 {[%emt 0:00:10]} 6. d4 {[%emt 0:00:14]} exd4 {[%emt 0:00:33]} 7. cxd4 {[%emt 0:00:24]} b5 {[%emt 0:00:23]} 8. Bb3 {[%emt 0:00:33]} d6 {[%emt 0:00:10]} 9. h3 {[%emt 0:11:55]} Nf6 {[%emt 0:00:07]} 10. O-O {[%emt 0:00:46]} O-O {[%emt 0:00:05]} 11. Nc3 {[%emt 0:02:27]} Bb7 {[%emt 0:03:50]} 12. e5 {[%emt 0:08:27]} dxe5 {[%emt 0:11:29]} 13. dxe5 {[%emt 0:00:16]} Nd7 {[%emt 0:00:03]} 14. Bg5 {[%emt 0:05:47]} Qe8 {[%emt 0:02:03]} 15. Nd5 {[%emt 0:04:07]} Ncxe5 {[%emt 0:02:06]} 16. Re1 {[%emt 0:03:33]} c5 {[%emt 0:07:09]} 17. Nxe5 {[%emt 0:11:59]} Nxe5 {[%emt 0:00:51]} 18. f4 {[%emt 0:08:56]} c4 {[%emt 0:01:15]} 19. Rxe5 {[%emt 0:20:14]} Qb8 {[%emt 0:10:51]} 20. Re1 {[%emt 0:00:00]} Qe8 21. Re5 {[%emt 0:01:00]} Qb8 {[%emt 0:01:00]} 22. Re1 {[%emt 0:00:00]} Qe8 23. Re5 {[%emt 0:01:00]} Qb8 {[%emt 0:01:00]} 24. Bc2 {[%emt 0:07:29]} Bxe5 {[%emt 0:07:46]} 25. fxe5 {[%emt 0:00:10]} Qxe5 {[%emt 0:00:31]} 26. Nf6+ {[%emt 0:00:11]} Kh8 {[%emt 0:01:22]} 27. Qd2 {[%emt 0:05:38]} Rad8 {[%emt 0:03:17]} 28. Qc3 {[%emt 0:00:28]} Qxc3 {[%emt 0:03:01]} 29. bxc3 {[%emt 0:00:02]} Rd6 {[%emt 0:04:50]} 30. Rf1 {[%emt 0:02:58]} h5 {[%emt 0:04:10]} 31. Bf4 {[%emt 0:02:44]} Re6 {[%emt 0:00:30]} 32. Nd7 {[%emt 0:01:42]} Rfe8 {[%emt 0:00:58]} 33. Nc5 {[%emt 0:01:24]} Re2 {[%emt 0:01:06]} 34. Rf2 {[%emt 0:00:25]} Re1+ {[%emt 0:04:51]} 35. Kh2 {[%emt 0:00:01]} R8e2 {[%emt 0:00:01]} 36. Rxe2 {[%emt 0:01:22]} Rxe2 {[%emt 0:00:02]} 37. Nxb7 {[%emt 0:00:05]} Rxc2 {[%emt 0:00:16]} 38. Be5+ {[%emt 0:00:08]} Kg8 {[%emt 0:00:53]} 39. a3 {[%emt 0:00:02]} g5 {[%emt 0:04:47]} 40. Kg3 {[%emt 0:01:27]} f5 {[%emt 0:01:37]} 41. Nd6 {[%emt 0:00:28]} f4+ {[%emt 0:01:13]} 42. Kf3 {[%emt 0:00:34]} Ra2 {[%emt 0:01:09]} 43. Ne4 {[%emt 0:00:31]} Rxa3 {[%emt 0:00:02]} 44. Nxg5 {[%emt 0:00:08]} b4 {[%emt 0:00:22]} 45. Ne4 {[%emt 0:00:05]} b3 {[%emt 0:00:13]} 46. Nd2 {[%emt 0:00:02]} b2 {[%emt 0:00:23]} 0-1

[Event "17th Delhi GM Open 2019"]
[Site "Delhi"]
[Date "2019.01.12"]
[Round "6"]
[White "Saurabh Anand"]
[Black "Manik, Mikulas"]
[Result "1-0"]
[WhiteElo "2210"]
[BlackElo "2413"]
[Annotator "NA"]
[PlyCount "80"]
[EventDate "2019.01.09"]
[EventType "swiss"]
[EventCountry "IND"]
[SourceTitle "playchess.com"]
[Source "ChessBase"]
[SourceQuality "1"]
[TimeControl "5400+30"]

1. e4 {[%emt 0:00:00]} c5 {[%emt 0:00:00]} 2. Nf3 {[%emt 0:00:00]} d6 {[%emt 0:00:00]} 3. d4 cxd4 {[%emt 0:00:00]} 4. Nxd4 {[%emt 0:00:24]} Nf6 {[%emt 0:00:00]} 5. Nc3 {[%emt 0:00:11]} Nc6 {[%emt 0:00:00]} 6. Bg5 {[%emt 0:00:23]} e6 {[%emt 0:00:00]} 7. Qd2 {[%emt 0:00:26]} a6 {[%emt 0:01:31]} 8. O-O-O {[%emt 0:00:40]} Bd7 {[%emt 0:02:04]} 9. f4 {[%emt 0:00:35]} Be7 {[%emt 0:00:05]} 10. Nf3 {[%emt 0:05:04]} b5 {[%emt 0:01:08]} 11. Bxf6 {[%emt 0:00:12]} gxf6 {[%emt 0:00:04]} 12. f5 {[%emt 0:00:53]} Qa5 {[%emt 0:01:42]} 13. Kb1 {[%emt 0:01:40]} h5 {[%emt 0:02:05]} 14. g3 {[%emt 0:02:54]} Rc8 {[%emt 0:02:36]} 15. fxe6 {[%emt 0:05:11]} fxe6 {[%emt 0:00:21]} 16. Bh3 {[%emt 0:00:32]} Ne5 {[%emt 0:01:54]} 17. Nxe5 {[%emt 0:10:04]} fxe5 {[%emt 0:00:10]} 18. g4 {[%emt 0:00:37]} Rc4 {[%emt 0:12:46]} 19. g5 {[%emt 0:13:39]} b4 {[%emt 0:34:40]} 20. Ne2 {[%emt 0:00:41]} Rg8 {[%emt 0:02:40]} 21. Rhg1 {[%emt 0:03:38]} Rxe4 {[%emt 0:06:33]} 22. g6 {[%emt 0:03:16]} Qc5 {[%emt 0:03:56]} 23. Ng3 {[%emt 0:00:00]} Qa5 {[%emt 0:00:00]} 24. Ne2 {[%emt 0:01:00]} Qc5 {[%emt 0:01:00]} 25. Ng3 {[%emt 0:00:00]} Qa5 {[%emt 0:00:00]} 26. Ne2 {[%emt 0:01:00]} Qc5 {[%emt 0:01:00]} 27. Ng3 Rf4 {[%emt 0:11:41]} 28. Nxh5 {[%emt 0:14:41]} Rf2 {[%emt 0:00:14]} 29. Qc1 {[%emt 0:07:12]} Rxh2 {[%emt 0:03:05]} 30. g7 {[%emt 0:03:44]} Kd8 {[%emt 0:08:56]} 31. Rh1 {[%emt 0:01:26]} Rf2 {[%emt 0:01:44]} 32. Rdf1 {[%emt 0:02:41]} e4 {[%emt 0:01:44]} 33. Rxf2 {[%emt 0:01:22]} Qxf2 {[%emt 0:00:01]} 34. Qh6 {[%emt 0:00:21]} e3 {[%emt 0:01:09]} 35. Bxe6 {[%emt 0:01:11]} e2 {[%emt 0:01:41]} 36. Bxg8 {[%emt 0:00:16]} e1=Q+ 37. Rxe1 {[%emt 0:00:07]} Qxe1+ {[%emt 0:00:42]} 38. Qc1 {[%emt 0:00:08]} Qxc1+ {[%emt 0:00:37]} 39. Kxc1 {[%emt 0:00:06]} Bg5+ {[%emt 0:00:03]} 40. Kb1 Be7 1-0

[Event "17th Delhi GM Open 2019"]
[Site "Delhi"]
[Date "2019.01.12"]
[Round "6"]
[White "Bharat Kumar Reddy Poluri"]
[Black "Das, Sayantan"]
[Result "1/2-1/2"]
[WhiteElo "2197"]
[BlackElo "2451"]
[Annotator "ChessBase"]
[PlyCount "154"]
[EventDate "2019.01.09"]
[EventType "swiss"]
[EventCountry "IND"]
[SourceTitle "playchess.com"]
[Source "ChessBase"]
[SourceQuality "1"]
[TimeControl "5400+30"]

1. e4 {[%emt 0:00:00]} e5 {[%emt 0:01:54]} 2. Nf3 {[%emt 0:00:00]} Nc6 {[%emt 0:00:06]} 3. Bb5 {[%emt 0:00:09]} a6 {[%emt 0:00:18]} 4. Ba4 {[%emt 0:00:08]} Nge7 {[%emt 0:00:40]} 5. O-O {[%emt 0:01:55]} g6 {[%emt 0:00:15]} 6. c3 {[%emt 0:02:37]} Bg7 {[%emt 0:00:12]} 7. d4 {[%emt 0:00:08]} exd4 {[%emt 0:00:42]} 8. cxd4 {[%emt 0:00:58]} b5 {[%emt 0:00:12]} 9. Bb3 {[%emt 0:00:31]} O-O {[%emt 0:02:13]} 10. d5 {[%emt 0:10:50]} Na5 {[%emt 0:00:11]} 11. d6 {[%emt 0:01:28]} cxd6 {[%emt 0:05:51]} 12. Nc3 {[%emt 0:04:06]} Bb7 {[%emt 0:15:33]} 13. Bd5 {[%emt 0:03:49]} Nxd5 {[%emt 0:03:31]} 14. Nxd5 {[%emt 0:01:34]} Nc4 {[%emt 0:03:17]} 15. Rb1 {[%emt 0:06:31]} Re8 {[%emt 0:10:43]} 16. b3 {[%emt 0:02:39]} Ne5 {[%emt 0:10:55]} 17. Bf4 {[%emt 0:17:00]} Bxd5 {[%emt 0:05:35]} 18. Qxd5 {[%emt 0:00:20]} Nxf3+ {[%emt 0:00:48]} 19. gxf3 {[%emt 0:00:02]} Be5 {[%emt 0:04:12]} 20. Bg3 {[%emt 0:00:23]} Qf6 {[%emt 0:01:56]} 21. Kg2 {[%emt 0:00:57]} Rac8 {[%emt 0:01:44]} 22. Rbc1 {[%emt 0:04:18]} h5 {[%emt 0:07:30]} 23. Qb7 {[%emt 0:04:07]} Rcd8 {[%emt 0:07:41]} 24. h4 {[%emt 0:05:42]} Bxg3 {[%emt 0:00:43]} 25. Kxg3 {[%emt 0:02:11]} Qe5+ {[%emt 0:04:39]} 26. f4 {[%emt 0:05:53]} Qxe4 {[%emt 0:03:25]} 27. Qxe4 {[%emt 0:00:02]} Rxe4 {[%emt 0:00:02]} 28. Kf3 {[%emt 0:03:13]} Re6 {[%emt 0:01:00]} 29. Rfd1 {[%emt 0:00:12]} Kf8 {[%emt 0:01:01]} 30. Rc7 {[%emt 0:00:19]} Ke7 {[%emt 0:05:15]} 31. Ra7 {[%emt 0:00:29]} Rc8 {[%emt 0:01:09]} 32. Rxa6 {[%emt 0:00:03]} Rc3+ {[%emt 0:00:29]} 33. Kg2 {[%emt 0:00:02]} Rc2 {[%emt 0:00:32]} 34. Rd3 {[%emt 0:02:11]} Ree2 {[%emt 0:00:21]} 35. Rf3 {[%emt 0:00:06]} Rxa2 {[%emt 0:01:31]} 36. Rb6 {[%emt 0:00:33]} f5 {[%emt 0:00:25]} 37. Rxb5 {[%emt 0:00:29]} Red2 {[%emt 0:00:18]} 38. Rb8 {[%emt 0:01:39]} Re2 {[%emt 0:00:50]} 39. Rg8 {[%emt 0:00:53]} Kf7 {[%emt 0:00:20]} 40. Rd8 {[%emt 0:00:17]} Ra7 {[%emt 0:00:23]} 41. Rd3 {[%emt 0:00:26]} Re6 {[%emt 0:00:51]} 42. Kg3 {[%emt 0:02:33]} Rb7 {[%emt 0:00:30]} 43. Rh8 {[%emt 0:02:45]} Ke7 {[%emt 0:00:27]} 44. Rc8 {[%emt 0:02:59]} Rb4 {[%emt 0:00:27]} 45. Rg8 {[%emt 0:00:25]} Kf7 {[%emt 0:01:11]} 46. Rd8 {[%emt 0:00:04]} Rb7 {[%emt 0:00:03]} 47. Kg2 {[%emt 0:00:26]} Ke7 {[%emt 0:00:08]} 48. Rg8 {[%emt 0:00:02]} Kf7 {[%emt 0:01:01]} 49. Rd8 {[%emt 0:00:06]} Kf6 {[%emt 0:00:31]} 50. Rf8+ {[%emt 0:00:09]} Ke7 {[%emt 0:00:07]} 51. Rg8 {[%emt 0:00:21]} Rb6 {[%emt 0:00:09]} 52. Rg7+ {[%emt 0:00:35]} Kd8 {[%emt 0:00:23]} 53. Rg8+ {[%emt 0:01:57]} Kc7 {[%emt 0:00:06]} 54. Rg7 {[%emt 0:00:18]} Rb4 {[%emt 0:01:19]} 55. Rc3+ {[%emt 0:00:43]} Kb8 {[%emt 0:00:34]} 56. Kg3 {[%emt 0:01:10]} Rb7 {[%emt 0:00:15]} 57. Kg2 {[%emt 0:01:53]} d5 {[%emt 0:00:30]} 58. Rg3 {[%emt 0:00:06]} Rbb6 {[%emt 0:01:19]} 59. Rxd7 {[%emt 0:00:12]} Red6 {[%emt 0:00:05]} 60. Re7 {[%emt 0:01:40]} d4 {[%emt 0:00:08]} 61. Rd3 {[%emt 0:00:19]} Rbc6 {[%emt 0:00:00]} 62. Rg7 {[%emt 0:00:00]} Rb6 {[%emt 0:01:00]} 63. Re7 {[%emt 0:01:00]} Rbc6 {[%emt 0:00:12]} 64. Re5 {[%emt 0:01:41]} Kc7 {[%emt 0:00:45]} 65. Kf3 {[%emt 0:00:12]} Rc1 {[%emt 0:00:16]} 66. Ra5 {[%emt 0:01:22]} Rh1 {[%emt 0:01:27]} 67. Kg3 {[%emt 0:00:13]} Rg1+ {[%emt 0:00:05]} 68. Kf3 {[%emt 0:00:14]} Rg4 {[%emt 0:00:38]} 69. Ra7+ {[%emt 0:00:19]} Kc8 {[%emt 0:00:37]} 70. Ra4 {[%emt 0:00:32]} Rxh4 {[%emt 0:00:07]} 71. Rdxd4 {[%emt 0:00:04]} Rb6 {[%emt 0:00:55]} 72. Rab4 {[%emt 0:01:11]} Rh3+ {[%emt 0:00:40]} 73. Kg2 {[%emt 0:00:04]} Rxb3 {[%emt 0:00:37]} 74. Rxb3 {[%emt 0:00:04]} Rxb3 {[%emt 0:00:04]} 75. Rd6 {[%emt 0:00:02]} Rb4 {[%emt 0:00:10]} 76. Kf3 {[%emt 0:00:41]} Rb3+ {[%emt 0:00:15]} 77. Kg2 {[%emt 0:00:17]} Rb4 {[%emt 0:00:04]} 1/2-1/2